| 000 | 00790cai a2200217 4500 | ||
|---|---|---|---|
| 001 | L155914 | ||
| 008 | 120420n2010 000 0 eng u | ||
| 035 | _a(Sirsi) u155914 | ||
| 041 | 0 | _aeng | |
| 110 |
_aAssociation of Consultant Architects _91156 |
||
| 240 | _aACA | ||
| 245 |
_aACA _bproject partnering contracts _h[electronic resource] |
||
| 520 | _aThe website for ACA's project partnering contracts PPC2000, SPC2000 and TPC2005. | ||
| 590 | _aKA | ||
| 650 |
_aContracts _96232 |
||
| 650 | _aBUILT ENVIRONMENT-BUILDING CONTRACT FORMS-STANDARD FORMS OF BUILDING CONTRACT-JOINT CONTRACTS TRIBNUAL CONTRACTS | ||
| 650 | _aSTANDARDS FORMS | ||
| 690 |
_aContracts _96232 |
||
| 856 | 4 | 0 |
_uhttps://www.ppc2000.co.uk/ _zView the website free of charge at www.ppc2000.co.uk |
| 942 | _n0 | ||
| 999 |
_c120969 _d120969 |
||